000
00483nam a2200181Ia 4500
008
090124s9999 xx 000 0 und d
082
_b
123114
100
_a
मंगेशकर गीता
245
_a
विलक्षण
250
_a
1
260
_c
1987
300
_a
211
600
_a
मंगेशकर गीता
630
_a
विलक्षण
700
_a
मंगेशकर गीता
730
_a
विलक्षण
942
_c
BOOK
999
_c
169200
_d
169200